000 00671nam a2200205Ia 4500
003 IN-BaIIA
008 211028s9999 xx 000 0 eng d
040 _cIIA Library
080 _a083.7:669.715.423
_bISI
110 _aIndian Standards Institution
245 0 _aIndian standard specification for aluminium extruded bars rods and sections for aircraft purposes (alloy no.24345)
_cIndian Standards Institution
260 _aNew Delhi
_bIndian Standards Institution
_c1976
300 _a8p.
500 _aIS 7428 : 1974
650 _a Aircraft
_99184
650 _a Aluminium Alloys 
_99185
650 _a Standards 
650 _aNASA Thesaurus 
942 _cBK
999 _c5194
_d5194